Представление документа в формате RUSMARC

ПолеНазваниеЗначение
  Тип записи a
  Библиографический уровень m
001 Контрольный номер RU/SLIB/B/208716971
005 Дата корректировки 20201206203932.1
010 Индекс ISBN __
d Цена 1-00
101 Язык документа __
a Язык текста rus
200 Заглавие и сведения об ответственности 0_
a Заглавие Хозяйке о продуктах питания
b Общее обозначение материала Текст
210 Выходные данные __
a Место издания Минск
c Издательство Ураджай
d Дата издания 1978
215 Физическое описание __
a Объем 160 с.
c Иллюстрации/тип воспроизводства ил.
606 Тематические рубрики __
a Основная рубрика Пищевые производства
606 Тематические рубрики __
a Основная рубрика Пищевые продукты
610 Ключевые слова __
a Ключевые слова хранение продуктов
686 Индексы других классификаций __
a Классификационный индекс 36-9
686 Индексы других классификаций __
a Классификационный индекс 36.997
700 Автор _1
a Фамилия Кудян
b Имя А. Н.
4 Код отношения 070
801 Источник записи _0
a Страна RU
b Организация Муниципальное бюджетное учреждение культуры "Централизованная библиотечная система" г. Сургут (Центральная городская библиотека им. А. С. Пушкина)
g Правила каталогизации К/Пронина
801 Источник записи _1
a Страна RU
b Организация Муниципальное бюджетное учреждение культуры "Централизованная библиотечная система" г. Сургут (Центральная городская библиотека им. А. С. Пушкина)
g Правила каталогизации К/Пронина
852 Данные о местонахождении __
j Шифр хранения 36-9
c Каталожный индекс 36-9; 36.997
i Авторский знак К 88
p Инвентарный номер 102859(с)
901 Тип документа __
t Тип документа m
990 Данные о заказе (DOS) __
j Количество экземпляров (DOS) 1